000 00830nam a2200325 a 4500
003 AR-BaBNM
005 20251128203524.0
008 082120s2002 ||||||||||||||000 | spa||
040 _cAR-BaBNM
100 1 _aQuiles, Ismael
_cS.J.
245 0 0 _aVida y educación en los países comunistas
250 _a1ª ed.
260 _aBuenos Aires
_bColumba
_c1964
300 _a211 p.
490 0 _aEsquemas
650 4 _aHISTORIA DE LA EDUCACION
650 4 _aSISTEMAS ESCOLARES
650 4 _aENSEÑANZA TECNICA
650 4 _aENSEÑANZA PROFESIONAL
650 4 _aEDUCACION ESPECIAL
650 4 _aATEISMO
651 4 _aURSS
651 4 _aPolonia
651 4 _aChecoslovaquia
653 _aJARDINES DE INFANTES
653 _aEDUCACION PRIMARIA
653 _aEDUCACION SECUNDARIA
942 _cBK
998 _cCarmen
999 _c3773
_d3773